| 000 | 00767nam a2200289 i 4500 | ||
|---|---|---|---|
| 999 |
_c9022 _d9022 |
||
| 001 | 9022 | ||
| 003 | BD-JhCC | ||
| 005 | 20180307130504.0 | ||
| 008 | 760225s1974 enk b 000 0 eng | ||
| 020 |
_a0712113776 : _c£1.75 |
||
| 035 | _a(BD-JhCC)9022 | ||
| 040 |
_aDLC _cDLC _dDLC _dBD-JhCC |
||
| 041 | _aeng | ||
| 050 | 0 | 0 |
_aHG221 _b.H2798 1974 |
| 082 | 0 | 0 |
_a332.4/941 _bHAN 1974 |
| 100 | 1 | _aHanson, John Lloyd. | |
| 245 | 1 | 0 |
_aMonetary theory and practice / _cby J. L. Hanson. |
| 250 | _a5th ed. | ||
| 260 |
_aLondon : _bMacdonald and Evans, _c1974. |
||
| 300 |
_axiv, 330 p. ; _c22 cm. |
||
| 650 | 0 | _aMoney. | |
| 650 | 0 |
_aMoney _zGreat Britain. |
|
| 650 | 0 | _aInternational finance. | |
| 650 | 0 | _aBanks and banking. | |
| 942 |
_2ddc _cBK |
||